Statistics for Artists who reached #1 in the USA that starts with A

Click here to take the quiz!

General Stats

  • This quiz has been taken 50 times
  • The average score is 9 of 31

Answer Stats

#SongArtist% Correct
1Dancing QueenABBA
89%
4HelloAdelé
76%
1I Don't Want to Miss a ThingAerosmith
76%
5Genie in a BottleChristina Aguilera
67%
1Take on meA-ha
67%
4(Everything I Do) I Do It for YouBryan Adams
60%
2Never Gonna Give You UpRick Astley
51%
1House of the Rising SunThe Animals
51%
1The SignAce of Base
47%
2A Horse with No NameAmerica
44%
1Sugar SugarThe Archies
33%
6Opposites AttractPaula Abdul
31%
1Try AgainAaliyah
29%
2Smack ThatAkon
29%
1Hello, Dolly!Louis Armstrong
27%
1I SwearAll-4-One
16%
1S.T.L.Ali
16%
1The One That You LoveAir Supply
13%
2This Guy's in Love with YouHerb Alpert
11%
3DianaPaul Anka
11%
1Pick Up the PiecesAverage White Band
11%
1My Boyfriend's BackThe Angels
9%
2VenusFrankie Avalon
9%
2Ain't It FunnyAshanti
7%
2Never My LoveThe Association
7%
1Baby, Come to MePatti Austin
7%
1Shake You DownGregory Abbott
4%
1AlwaysAtlantic Starr
4%
1WorkIggy Azalea
4%
1InvisibleClay Aiken
2%
1Another LifeAfrojack
0%

Score Distribution

Percentile by Number Answered

Percent of People with Each Score

Your Score History

You have not taken this quiz